| 000 | 00436nam a22001817a 4500 | ||
|---|---|---|---|
| 005 | 20260408161828.0 | ||
| 020 | _a3-540-61126-6 | ||
| 041 | _aeng | ||
| 082 |
_223rd. _a551.9 _bHOE |
||
| 100 | _aHoefs, Jochen | ||
| 245 |
_aStable isotope geochemistry _cJochen Hoefs |
||
| 250 | _a4th rev. ed. | ||
| 260 |
_aBerlin _bSpringer _c1997 |
||
| 300 |
_a201p.; _c24cm. |
||
| 650 | _aIsotope geology | ||
| 650 | _aGeochemistry | ||
| 942 | _cBK | ||
| 999 |
_c184609 _d184608 |
||